000 00577nam a2200169 a 4500
008 120416s0000 ||||||||||||||||| || u
020 _a1853129119
050 _aTA 654.2 Str
100 _aRajendran, A. M
245 1 0 _aStructures under shock and impact VII
_cedited by N. Jones
260 _aBoston
_bWIT Press
_c2002
300 _a593p. : ill.
350 _a0.00
700 _aBrebbia, C. A
700 _aJones, N
995 _D0.00
_FCBU-MAIN LIBRARY (Kitwe)
_H1
_I34.95
_M1
_UAVAILABLE
_ZAnnex Low-Usage Collection
999 _c58738
_d58738